<?xml version="1.0" encoding="UTF-8"?>
<collection xmlns="http://www.loc.gov/MARC21/slim">
 <record>
  <leader>04090ntm a22005417i 4500</leader>
  <controlfield tag="001">000117858</controlfield>
  <controlfield tag="003">CZ-PrVSE</controlfield>
  <controlfield tag="005">20220619212945.0</controlfield>
  <controlfield tag="006">m        d</controlfield>
  <controlfield tag="007">cr n||||||||||</controlfield>
  <controlfield tag="008">220619s2022    xr     fsbm   000 0 cze d</controlfield>
  <datafield tag="STA" ind1=" " ind2=" ">
   <subfield code="a">NEZPRACOVANÝ IMPORT</subfield>
  </datafield>
  <datafield tag="040" ind1=" " ind2=" ">
   <subfield code="a">ABA006</subfield>
   <subfield code="b">cze</subfield>
   <subfield code="c">ABA006</subfield>
   <subfield code="d">ABA006</subfield>
   <subfield code="e">rda</subfield>
  </datafield>
  <datafield tag="100" ind1="1" ind2=" ">
   <subfield code="a">Bakuncová, Karolína</subfield>
   <subfield code="%">ISIS:149295</subfield>
   <subfield code="4">dis</subfield>
  </datafield>
  <datafield tag="242" ind1="1" ind2="0">
   <subfield code="a">Comparison of selected social indicators for Japan and Czech Republic</subfield>
   <subfield code="y">eng</subfield>
  </datafield>
  <datafield tag="245" ind1="1" ind2="0">
   <subfield code="a">Srovnání vybraných sociálních ukazatelů Japonska a České republiky /</subfield>
   <subfield code="c">Karolína Bakuncová</subfield>
  </datafield>
  <datafield tag="264" ind1=" " ind2="0">
   <subfield code="c">2022</subfield>
  </datafield>
  <datafield tag="300" ind1=" " ind2=" ">
   <subfield code="a">?? stran :</subfield>
   <subfield code="3">digital, PDF soubor</subfield>
  </datafield>
  <datafield tag="500" ind1=" " ind2=" ">
   <subfield code="a">Vedoucí práce: Tomáš Löster</subfield>
  </datafield>
  <datafield tag="502" ind1=" " ind2=" ">
   <subfield code="a">Bakalářská práce (Bc.)—Vysoká škola ekonomická v Praze. Fakulta informatiky a statistiky, 2022</subfield>
  </datafield>
  <datafield tag="504" ind1=" " ind2=" ">
   <subfield code="a">Obsahuje bibliografii</subfield>
  </datafield>
  <datafield tag="516" ind1=" " ind2=" ">
   <subfield code="a">Textový (vysokoškolská kvalifikační práce)</subfield>
  </datafield>
  <datafield tag="518" ind1=" " ind2=" ">
   <subfield code="a">Rok obhajoby 2022</subfield>
  </datafield>
  <datafield tag="520" ind1="3" ind2=" ">
   <subfield code="a">Bakalářská práce je zaměřena na porovnání vývoje vybraných demografických ukazatelů České republiky a Japonska. Základem daného porovnání je analýza ročních časových řad týkající se hlavně oblastí porodnosti a úmrtnosti v zemi. Nejméně početné skupiny v ČR jsou věkové kategorie 15 až 19 let (4,61 %) a 20 až 24 let (4,59 %), v Japonsku pak věkové kategorie 0 až 4 let (3,77 %) a 5 až 9 let (4,04 %). Nejpočetnějšími skupinami obyvatel jsou osoby ve věku 40 až 44 let (8,71 %) v České republice a osoby 45 až 49leté (7,77 %) v Japonsku. Od roku 1993 je v průměru relativní přírůstek obyvatelstva v Japonsku 0,04 %, v Česku pak 0,13 %. V Japonsku lze očekávat pokračování meziročních úbytků (k roku 2023 zhruba 367,2 tisíc). Meziroční změny v ČR jsou v přibližně přírůstek 32,9 tisíc osob. Osoby starší 64 let v roce 2019 tvoří v Japonsku 28,44 %, v ČR 19,85 %. Jak v ČR, tak v Japonsku rostou absolutní počty zemřelých. Zároveň roste i naděje dožití. V období 1993 až 2019 v ČR došlo k růstu naděje dožití při narození z 69,3 let u mužů a 76,5 let u žen na 76,3 let a 82,1 let, v Japonsku stoupá naděje dožití z 76,2 let pro muže a 82,5 let pro ženy na 81,4 let a 87,5 let. V ČR počty živě narozených jsou v současné době na přibližně stejné úrovni jako počty zemřelých, naopak v Japonsku jsou výrazně nižší. V obou zemích roste průměrný věk uzavírání prvního manželství, v ČR je pro obě pohlaví vyšší (v roce 2020 činil průměrný věk ženicha 31,0 let v Japonsku a 32,6 let v ČR, u nevěst pak 29,4 let pro Japonky a 30,4 let pro Češky). Ukazatel úhrnné plodnosti je u obou zemí hluboce pod bodem obnovy (1,33 v Japonsku a 1,72 v ČR v roce 2020). Nejvyšší hodnotu specifických měr plodnosti má věková kategorie žen ve věku 30 až 34 let (94,58 v Japonsku a 111,41 v České republice). Obecně v obou zemích lze sledovat</subfield>
  </datafield>
  <datafield tag="538" ind1=" " ind2=" ">
   <subfield code="a">Způsob přístupu: Internet</subfield>
  </datafield>
  <datafield tag="653" ind1="0" ind2=" ">
   <subfield code="a">statistika a ekonometrie [obor bakal. práce]</subfield>
  </datafield>
  <datafield tag="655" ind1=" " ind2="7">
   <subfield code="a">bakalářské práce</subfield>
   <subfield code="7">fd132403</subfield>
   <subfield code="2">czenas</subfield>
  </datafield>
  <datafield tag="655" ind1=" " ind2="9">
   <subfield code="a">bachelor's theses</subfield>
   <subfield code="2">eczenas</subfield>
  </datafield>
  <datafield tag="690" ind1=" " ind2=" ">
   <subfield code="a">obyvatelstvo</subfield>
  </datafield>
  <datafield tag="690" ind1=" " ind2=" ">
   <subfield code="a">stárnutí</subfield>
  </datafield>
  <datafield tag="690" ind1=" " ind2=" ">
   <subfield code="a">plodnost</subfield>
  </datafield>
  <datafield tag="690" ind1=" " ind2=" ">
   <subfield code="a">naděje dožití</subfield>
  </datafield>
  <datafield tag="690" ind1=" " ind2=" ">
   <subfield code="a">časové řady</subfield>
  </datafield>
  <datafield tag="690" ind1=" " ind2=" ">
   <subfield code="a">regrese</subfield>
  </datafield>
  <datafield tag="690" ind1=" " ind2=" ">
   <subfield code="a">exponenciální vyrovnávání</subfield>
  </datafield>
  <datafield tag="700" ind1="1" ind2=" ">
   <subfield code="a">Löster, Tomáš,</subfield>
   <subfield code="d">1980-</subfield>
   <subfield code="7">mzk2009512833</subfield>
   <subfield code="4">ths</subfield>
  </datafield>
  <datafield tag="700" ind1="1" ind2=" ">
   <subfield code="a">Bílková, Diana</subfield>
   <subfield code="7">mzk2004248684</subfield>
   <subfield code="4">opn</subfield>
  </datafield>
  <datafield tag="710" ind1="2" ind2=" ">
   <subfield code="a">Vysoká škola ekonomická v Praze.</subfield>
   <subfield code="b">Fakulta informatiky a statistiky</subfield>
   <subfield code="7">kn20010709399</subfield>
   <subfield code="4">dgg</subfield>
  </datafield>
  <datafield tag="856" ind1="4" ind2="0">
   <subfield code="u">https://insis.vse.cz/zp/78210/podrobnosti</subfield>
   <subfield code="y">VŠKP v InSIS</subfield>
  </datafield>
  <datafield tag="856" ind1="4" ind2="0">
   <subfield code="u">https://insis.vse.cz/zp/78210</subfield>
   <subfield code="y">Hlavní práce</subfield>
  </datafield>
  <datafield tag="856" ind1="4" ind2="0">
   <subfield code="u">https://insis.vse.cz/zp/78210/posudek/vedouci</subfield>
   <subfield code="y">Hodnocení vedoucího</subfield>
  </datafield>
  <datafield tag="856" ind1="4" ind2="0">
   <subfield code="u">https://insis.vse.cz/zp/78210/posudek/oponent/74242</subfield>
   <subfield code="y">Oponentura</subfield>
  </datafield>
  <datafield tag="999" ind1="4" ind2="0">
   <subfield code="u">https://insis.vse.cz/zp/78210/podrobnosti</subfield>
   <subfield code="y">dc:identifier</subfield>
  </datafield>
  <datafield tag="993" ind1=" " ind2=" ">
   <subfield code="x">NEPOSILAT</subfield>
   <subfield code="y">VSKP</subfield>
  </datafield>
  <datafield tag="999" ind1="4" ind2="9">
   <subfield code="a">vse78210</subfield>
   <subfield code="b">220615</subfield>
  </datafield>
  <datafield tag="999" ind1="4" ind2="5">
   <subfield code="x">78210</subfield>
  </datafield>
 </record>
</collection>
